000 01032nam a2200301Ia 4500
001 41019
003 IT-RoPAU
008 130308s9999 xx 000 0 und d
040 _aIT-RoPAU
040 _cIT-RoPAU
041 _aFRANCESE
100 _aSloterdijk Peter
100 _gCodice Aut. SPICS: 17746
245 _aWeimar et la Californie-Note sur la crise de la philosophie de l'histoire et sur la proliferation des doctrines holistiq
245 _bConfrontations Philosophiques-464/465-Critique
250 _a1a ed.
260 _aPARIS
260 _bMinuit
260 _c1986 [1° Ed.:1986 - Ed.Ling.Originale:1986]
300 _a"14 p. (prefazione: no ; testo: 14 [pagine: 114-127])"
500 _aCrisi della Filosofia della Storia storicismo Moderno Weimar e la California Proliferazione delle dottrine Olistiche mitologie Storiche Post Moderne Crisi del Soggetto
650 _aLOGICA FILOSOFICA
650 _eCodice materia Spics: 3151
942 _cBK
957 _71
999 _c39100
_d39100
999 _bSI
999 _g1